000 00314nam a2200121Ia 4500
008 191201s2007 xx 000 0 und d
100 _aKamthane, Ashok N
245 0 _aProgramming with Ansia and turbo C
260 _aN.Delhi
_bPearson Education
_c2007
300 _a594
650 _aB.Tech(IT)
942 _2ddc
_cBK
_02
999 _c3033
_d3033